| Поле | Инд. | ПП | Название | Значение |
|---|---|---|---|---|
| Тип записи | a | |||
| Библиографический уровень | m | |||
| 001 | Контрольный номер | b42e57a4-747c-4248-a6d5-b9546fc9a9d5 | ||
| 005 | Дата корректировки | 20131112071156.2 | ||
| 008 | Кодируемые данные | 010619 d | ||
| 020 | a | ISBN | 5-211-04244-1 | |
| c | Цена, тираж | 47.00 | ||
| 040 | a | Служба первич. каталог. | НБ ТвГУ | |
| 041 | a | Код языка текста | rus | |
| 080 | a | Индекс УДК | 531(075.8) | |
| 084 | a | Индекс другой классификации/Индекс ББК | В21я731-1 | |
| 090 | x | Авторский знак | Г62 | |
| a | Полочн. индекс | В21 | ||
| 100 | 1_ | a | Автор | Голубев Юрий Филиппович |
| 245 | 10 | a | Заглавие | Основы теоретической механики |
| b | Продолж. заглавия | Учеб. для студентов вузов, обучающихся по направлениям "Механика" и "Математика" | ||
| c | Ответственность | Ю. Ф. Голубев | ||
| 250 | a | Основные сведения об издании | 2-е изд., перераб. и доп. | |
| 260 | 0_ | a | Место издания | Москва |
| b | Издательство | Изд-во Моск. ун-та | ||
| c | Дата издания | 2000 | ||
| 300 | a | Объем | 719 с. | |
| b | Иллюстрации/ тип воспроизводства | ил. | ||
| 504 | a | Библиография | Библиогр.: с.714-719. - Имен. указ.: с.704-713. | |
| 583 | a | Действие | Получение впервые 457 25.12.2000 | |
| k | Исполнитель действия | Дар РГГУ | ||
| 583 | a | Действие | Приписка 431 19.06.2001 | |
| k | Исполнитель действия | Центральный коллектор научных библиотек | ||
| 650 | a | Основная рубрика | Механика теоретическая | |
| x | Основная подрубрика | Учебники для вузов | ||
| 653 | a | Ключевые слова | Механика | |
| a | Ключевые слова | Теоретическая механика | ||
| 852 | t | Порядковый номер экземпляра | 2 | |
| p | Инвентарный номер | 730706 | ||
| p | Инвентарный номер | 735450 54.74 | ||
| 888 | a | Бесплатные | ||
| a | За счет средств университета | |||
| 930 | a | Новая/Ретро | учебники | |
| 952 | p | 457.2000 47.00 1 730706 | ||
| p | 431.2001 54.74 1 735450 | |||
| c | Вид литературы | К ру | ||
| 954 | a | Дата поступления на обработку | 20001225 | |
| 999 | a | Подразделение 2 | Фил3 |